Continents Quiz - Statistics

General Stats
  • This quiz has been taken 38 times
  • The average score is 7 of 7
Answer Stats
Answer % Correct
North America
100%
South America
100%
Europe
97%
Africa
94%
Asia
94%
Antarctica
91%
Australia
91%
No matching quizzes found
Score Distribution
Percent of People with Each Score
Percentile by Number Answered
Your Score History
You have not taken this quiz